000 00381nam a22001697a 4500
003 OSt
005 20240319104635.0
008 171101b xxu||||| |||| 00| 0 eng d
020 _a978-8122424089
040 _cSEROSOFT
100 _aPRASAD ,R K
245 _aQUANTUM CHEMISTRY
250 _a1ST
260 _aNEW DELHI
_bNEW AGE
_c2017
300 _a372
942 _2ddc
_c01
_e1ST
999 _c40850
_d40850